000 00412pab a2200145 454500
008 180718b1987 xxu||||| |||| 00| 0 eng d
100 _aGoldstein, Leslie F.
245 _aJudicial review and democratic theory
_bGuardian democracy vs. representative democracy
260 _c1987
300 _a391-412
362 _aSept.
650 _aJudicial Review
773 _aWestern Political Quarterly
909 _a11560
999 _c11560
_d11560